| Поле | Название | Значение |
| |
Тип записи |
a |
| |
Библиографический уровень |
m |
| 001 |
Контрольный номер |
RU/URAIT/582485 |
| 005 |
Дата корректировки |
20260429163600.8 |
| 008 |
Кодируемые данные |
260429s2026 RU y f j 000 0 rus u |
| 020 |
Индекс ISBN |
__ |
| a |
ISBN |
978-5-534-17265-2 |
| c |
Цена, тираж |
1839.00 |
| 040 |
Источник каталогиз. |
__ |
| a |
Служба первич. каталог. |
ИКО Юрайт |
| c |
Служба, преобразующая запись |
ИКО Юрайт |
| e |
Правила каталог. |
RCR |
| 041 |
Код языка издания |
__ |
| a |
Код языка текста |
rus |
| 044 |
Код страны публикации |
__ |
| a |
Код страны публикации |
RU |
| 080 |
Индекс УДК |
__ |
| a |
Индекс УДК |
33(075.8) |
| 084 |
Индекс другой классификации/Индекс ББК |
__ |
| 2 |
Источник индекса |
rubbk |
| a |
Индекс другой классификации/Индекс ББК |
65я73 |
| 100 |
Автор |
__ |
| a |
Автор |
Гребенников П. И. |
| q |
Полное имя |
Гребенников Петр Ильич |
| 245 |
Заглавие |
__ |
| a |
Заглавие |
Экономика |
| b |
Продолж. заглавия |
учебник для вузов |
| c |
Ответственность |
П. И. Гребенников, Л. С. Тарасевич. |
| 250 |
Сведения об издании |
__ |
| g |
|
пер. и доп |
| a |
Основные сведения об издании |
6-е изд. |
| 256 |
Характеристики компьютерного файла |
__ |
| a |
Характеристики компьютерного файла |
Электрон. дан. |
| 260 |
Выходные данные |
__ |
| a |
Место издания |
Москва |
| b |
Издательство |
Юрайт |
| c |
Дата издания |
2026 |
| 300 |
Физическое описание |
__ |
| a |
Объем |
348 с |
| 440 |
Серия |
__ |
| a |
Серия |
Высшее образование |
| 500 |
Примечания |
__ |
| a |
Примечание |
URL: https://urait.ru/bcode/582485 (дата обращения: 29.04.2026). |
| 520 |
Аннотация |
__ |
| a |
Аннотация |
В курсе концентрированно представлен стандартный материал по современной экономической теории, описывающий механизм функционирования национальных экономик и их взаимодействие друг с другом; раскрываются прикладные возможности экономической науки при выработке социально-экономической политики. Методика и форма изложения материала подстроены под условия преподавания экономики в неэкономических (технических) вузах. Содержание учебника соответствует актуальным требованиям федерального государственного образовательного стандарта высшего образования. Для студентов высших учебных заведений, обучающихся по инженерно-техническим и другим неэкономическим направлениям. |
| 538 |
Прим. о системных особенностях |
__ |
| a |
Прим. о системных особенностях |
Режим доступа: Электронно-библиотечная система Юрайт, для авториз. пользователей |
| 653 |
Ключевые слова |
__ |
| a |
Ключевые слова |
Экономика: общие работы |
| 653 |
Ключевые слова |
__ |
| a |
Ключевые слова |
Экономические науки |
| 653 |
Ключевые слова |
__ |
| a |
Ключевые слова |
Общая экономическая теория |
| 653 |
Ключевые слова |
__ |
| a |
Ключевые слова |
Экономика |
| 653 |
Ключевые слова |
__ |
| a |
Ключевые слова |
Макроэкономика |
| 653 |
Ключевые слова |
__ |
| a |
Ключевые слова |
Микроэкономика |
| 653 |
Ключевые слова |
__ |
| a |
Ключевые слова |
Макроэкономика (продвинутый курс) |
| 653 |
Ключевые слова |
__ |
| a |
Ключевые слова |
Основы экономики |
| 653 |
Ключевые слова |
__ |
| a |
Ключевые слова |
Основы экономической теории |
| 653 |
Ключевые слова |
__ |
| a |
Ключевые слова |
Экономика (Основы экономических теорий) |
| 653 |
Ключевые слова |
__ |
| a |
Ключевые слова |
Экономическая теория |
| 653 |
Ключевые слова |
__ |
| a |
Ключевые слова |
Введение в экономику |
| 653 |
Ключевые слова |
__ |
| a |
Ключевые слова |
Макроэкономика-2 |
| 653 |
Ключевые слова |
__ |
| a |
Ключевые слова |
Организация страхового дела |
| 653 |
Ключевые слова |
__ |
| a |
Ключевые слова |
Основы макроэкономики |
| 653 |
Ключевые слова |
__ |
| a |
Ключевые слова |
Основы микроэкономики |
| 653 |
Ключевые слова |
__ |
| a |
Ключевые слова |
Экономическая теория: макроэкономика, микроэкономика |
| 653 |
Ключевые слова |
__ |
| a |
Ключевые слова |
Макроэкономика (продвинутый уровень) |
| 653 |
Ключевые слова |
__ |
| a |
Ключевые слова |
Экономическая теория (микроэкономика и макроэкономика) |
| 653 |
Ключевые слова |
__ |
| a |
Ключевые слова |
Экономика (экономическая теория) |
| 653 |
Ключевые слова |
__ |
| a |
Ключевые слова |
Микро- и макроэкономика |
| 653 |
Ключевые слова |
__ |
| a |
Ключевые слова |
Макро- и микроэкономика |
| 653 |
Ключевые слова |
__ |
| a |
Ключевые слова |
Введение в экономическую теорию |
| 653 |
Ключевые слова |
__ |
| a |
Ключевые слова |
Микроэкономика. Общие вопросы |
| 653 |
Ключевые слова |
__ |
| a |
Ключевые слова |
Теория экономических учений |
| 653 |
Ключевые слова |
__ |
| a |
Ключевые слова |
Экономическая теория: макроэкономика |
| 653 |
Ключевые слова |
__ |
| a |
Ключевые слова |
Основы экономики архитектурного проектирования |
| 700 |
Другие авторы |
__ |
| a |
Другие авторы |
Тарасевич Л. С. |
| q |
Полное имя |
Тарасевич Леонид Степанович |
| 856 |
Электронный адрес документа |
40 |
| n |
Местонахождение сервера |
Юрайт |
| g |
|
Электронная книга |
| q |
Тип электронного формата |
html |
| h |
Имя пользователя |
ЮРАЙТ |
| v |
Часы доступа к ресурсу |
20271231 |
| 2 |
Способ доступа |
Показать документ |
| x |
Служебное примечание |
https://urait.ru/book/cover/0CDF3B23-9A79-451A-92EB-AD7B394C8AD7 |
| u |
URL |
https://urait.ru/bcode/582485 |
| 856 |
Электронный адрес документа |
48 |
| q |
Тип электронного формата |
cover |
| u |
URL |
https://urait.ru/book/cover/0CDF3B23-9A79-451A-92EB-AD7B394C8AD7 |
| 911 |
|
__ |
| u |
|
0030=https://urait.ru/bcode/582485 |
| 911 |
|
__ |
| u |
|
073a=9785534172652 |
| u |
|
073d=1839.00 |
| 911 |
|
__ |
| u |
|
106a=s |
| 911 |
|
__ |
| u |
|
900l= |
| 952 |
Тип литературы |
__ |
| i |
Дисциплина |
Общая экономическая теория |
| 952 |
Тип литературы |
__ |
| i |
Дисциплина |
Экономика |
| 952 |
Тип литературы |
__ |
| i |
Дисциплина |
Макроэкономика |
| 952 |
Тип литературы |
__ |
| i |
Дисциплина |
Микроэкономика |
| 952 |
Тип литературы |
__ |
| i |
Дисциплина |
Макроэкономика (продвинутый курс) |
| 952 |
Тип литературы |
__ |
| i |
Дисциплина |
Основы экономики |
| 952 |
Тип литературы |
__ |
| i |
Дисциплина |
Основы экономической теории |
| 952 |
Тип литературы |
__ |
| i |
Дисциплина |
Экономика (Основы экономических теорий) |
| 952 |
Тип литературы |
__ |
| i |
Дисциплина |
Экономическая теория |
| 952 |
Тип литературы |
__ |
| i |
Дисциплина |
Введение в экономику |
| 952 |
Тип литературы |
__ |
| i |
Дисциплина |
Макроэкономика-2 |
| 952 |
Тип литературы |
__ |
| i |
Дисциплина |
Организация страхового дела |
| 952 |
Тип литературы |
__ |
| i |
Дисциплина |
Основы макроэкономики |
| 952 |
Тип литературы |
__ |
| i |
Дисциплина |
Основы микроэкономики |
| 952 |
Тип литературы |
__ |
| i |
Дисциплина |
Экономическая теория: макроэкономика, микроэкономика |
| 952 |
Тип литературы |
__ |
| i |
Дисциплина |
Макроэкономика (продвинутый уровень) |
| 952 |
Тип литературы |
__ |
| i |
Дисциплина |
Экономическая теория (микроэкономика и макроэкономика) |
| 952 |
Тип литературы |
__ |
| i |
Дисциплина |
Экономика (экономическая теория) |
| 952 |
Тип литературы |
__ |
| i |
Дисциплина |
Микро- и макроэкономика |
| 952 |
Тип литературы |
__ |
| i |
Дисциплина |
Макро- и микроэкономика |
| 952 |
Тип литературы |
__ |
| i |
Дисциплина |
Введение в экономическую теорию |
| 952 |
Тип литературы |
__ |
| i |
Дисциплина |
Микроэкономика. Общие вопросы |
| 952 |
Тип литературы |
__ |
| i |
Дисциплина |
Теория экономических учений |
| 952 |
Тип литературы |
__ |
| i |
Дисциплина |
Экономическая теория: макроэкономика |
| 952 |
Тип литературы |
__ |
| i |
Дисциплина |
Основы экономики архитектурного проектирования |